000 00766nam a22002417a 4500
003 UA-OsUOA
001 49637
007 ta
008 20140113b un ||||| |||| 00| 0 ukr d
100 _aМишко Д.
090 _a94(477).03
_bМ71
942 _cBK
040 _aUA-OsUOA
_bukr
_cUA-OsUOA
_dUA-OsUOA
245 _aУкраїнсько-російські зв'язки в XIV-XVI ст.
300 _a175 с.
955 _a1
041 _aukr
080 _a94(477).03
260 _aК.
_bВидавництво Академії наук УРСР
_c1959
650 7 _a9 Географія. Біографії. Історія
_2UDC
999 _c429760
_d429760